[Event "TCh-HUN 2012-13"]
[Site "Dunaharaszti HUN"]
[Date "2013.03.03"]
[Round "8"]
[White "Siklosi,Z"]
[Black "Doery,J"]
[Result "1/2-1/2"]
[WhiteElo "2329"]
[BlackElo "2278"]

1.e4 c5 2.Nf3 Nc6 3.Bb5 g6 4.Bxc6 dxc6 5.d3 Bg7 6.h3 Nf6 7.Nc3 O-O 8.Bf4 Ne8
9.Qd2 Nc7 10.Bh6 Ne6 11.Bxg7 Kxg7 12.Ne2 f6 13.Qc3 Qb6 14.a3 Rd8 15.b4 a5
16.bxc5 Qxc5 17.Qb2 Ng5 18.Ned4 e5 19.Nxg5 Qxd4 20.Qxd4 exd4 21.Nf3  1/2-1/2

[Event "TCh-SVK Extraliga 2012-13"]
[Site "Slovakia SVK"]
[Date "2013.03.03"]
[Round "11.3"]
[White "Dudas,Jan1"]
[Black "Macko,M"]
[Result "1-0"]
[WhiteElo "2220"]
[BlackElo "2123"]

1.e4 c5 2.Nf3 Nc6 3.Bb5 d6 4.O-O Bd7 5.c3 g6 6.d4 Bg7 7.Re1 Qb6 8.Bxc6 bxc6
9.e5 d5 10.dxc5 Qxc5 11.Be3 Qa5 12.Qd2 h5 13.b4 Qc7 14.c4 dxc4 15.Nc3 Nh6
16.Ne4 Ng4 17.Bf4 c3 18.Qc1 Nxe5 19.Kh1 O-O 20.Bxe5 Bxe5 21.Nxe5 Qxe5 22.Nc5 Qf5
23.Rxe7 Rad8 24.Qxc3 Rfe8 25.Rxe8+ Rxe8 26.f3 Re2 27.Ne4 Be6 28.Ng3 Qe5 29.Nxe2  1-0

[Event "3rd Ferdynand Dziedzica Mem"]
[Site "Trzcianka POL"]
[Date "2013.03.03"]
[Round "3.3"]
[White "Kovalenko,I"]
[Black "Przezdziecka,M"]
[Result "1-0"]
[WhiteElo "2596"]
[BlackElo "2298"]

1.e4 c5 2.Nf3 Nc6 3.Bb5 d6 4.O-O Bd7 5.Re1 Nf6 6.c3 a6 7.Bf1 Bg4 8.h3 Bh5
9.d3 e6 10.Nbd2 Be7 11.a3 O-O 12.b4 Qc7 13.Bb2 d5 14.Qb1 Rad8 15.Qa2 b5 16.bxc5 dxe4
17.dxe4 Bxc5 18.Nb3 Bb6 19.Nfd4 Bg6 20.Nxc6 Qxc6 21.e5 Nd5 22.Rac1 Nf4 23.Nd4 Qb7
24.Rcd1 Bxd4 25.cxd4 Nd5 26.Rc1 Rc8 27.Rc5 Rxc5 28.dxc5 Qc6 29.Bd4 Rc8 30.Qd2 Rd8
31.Qa5 Rd7 32.f3 h6 33.Bf2 Nf4 34.Qb6 Rc7 35.Rd1 Nd5 36.Qb8+ Kh7 37.Rd2 Rc8
38.Qd6 Rc7 39.Kh2 Ne7 40.Be2 Nd5 41.Bd1 Ne7 42.Bb3 Nf5 43.Qxc6 Rxc6 44.Rd7 h5
45.g4 hxg4 46.hxg4 Nh6 47.Rd6 Rc7 48.Rxa6 f5 49.g5 Nf7 50.f4 Nd8 51.Rb6 Be8
52.Bxe6 Bc6  1-0

[Event "3rd Ferdynand Dziedzica Mem"]
[Site "Trzcianka POL"]
[Date "2013.03.03"]
[Round "8.5"]
[White "Bartel,Mat"]
[Black "Kempinski,R"]
[Result "1-0"]
[WhiteElo "2619"]
[BlackElo "2599"]

1.e4 c5 2.Nf3 Nc6 3.Bb5 d6 4.O-O Bd7 5.c3 Nf6 6.Re1 a6 7.Ba4 b5 8.Bc2 e5
9.d3 Be7 10.Nbd2 O-O 11.Nf1 Re8 12.h3 Bf8 13.Bg5 h6 14.Be3 d5 15.Ng3 d4 16.Bd2 dxc3
17.bxc3 b4 18.Bb3 Be6 19.Ba4 Bd7 20.Rc1 Rc8 21.Be3 bxc3 22.Rxc3 Nd4 23.Bxd7 Nxd7
24.Nd2 Qa5 25.Bxd4 cxd4 26.Rxc8 Rxc8 27.Nc4 Qc7 28.Qg4 g6 29.Rb1 Bg7 30.Qd1 Nc5
31.Nb6 Rb8 32.Nd5 Rxb1 33.Qxb1 Qd7 34.Ne2 Kh7 35.Nc1 Qa4 36.Nb3 Qb5 37.Qc2 Ne6
38.Kf1 f5 39.f3 fxe4 40.fxe4 Nf4 41.Nxf4 exf4 42.Nd2 g5 43.Nf3 Kg6 44.Ke2 h5
45.Qc8 Qb2+ 46.Nd2 Qxa2 47.Qf5+ Kh6 48.e5 Qa3 49.e6 Qe7 50.Ne4 a5 51.Qxa5 Qxe6
52.Qxg5+ Kh7 53.Qxh5+ Kg8 54.Qa5 Qg6 55.Kf3 Bh6 56.Qd5+ Kh7 57.Qxd4 Qh5+
58.Kf2 Qh4+ 59.Kf1 Bg7 60.Qd7 Qh6 61.Qf5+ Kg8 62.Qd5+ Kh7 63.Ng5+ Kg6 64.Nf3 Kh7
65.Kg1 Qf6 66.Kh2 Qg6 67.Qe4 Kh6 68.Qxg6+ Kxg6 69.Kg1 Kf5 70.Kf2 Bf6 71.Nd2 Bc3
72.Ne4 Bd4+ 73.Kf3 Bg1 74.Nf2 Ke5 75.h4 Kf5 76.d4 Bh2 77.Ne4 Bg1 78.d5 Bb6
79.h5 Bd8 80.d6 Bb6 81.h6 Kg6 82.Kxf4 Kxh6 83.Kf5 Kg7 84.g4 Kf7 85.g5 Bd4
86.g6+ Kg7 87.Ng5  1-0

[Event "29th ChessOrg Open"]
[Site "Bad Woerishofen GER"]
[Date "2013.03.06"]
[Round "6.63"]
[White "Harsch,Martin"]
[Black "Kapfer,Ulrich"]
[Result "0-1"]
[WhiteElo "2009"]
[BlackElo "1902"]

1.e4 c5 2.Nf3 Nc6 3.Bb5 g6 4.Bxc6 dxc6 5.d3 Bg7 6.h3 Qc7 7.O-O Nf6 8.Nc3 e5
9.Be3 b6 10.Qd2 h6 11.Ne2 Be6 12.Qc3 Nd7 13.Ng3 O-O-O 14.a4 a5 15.Qd2 Rdg8
16.c3 Bf8 17.d4 f5 18.d5 cxd5 19.exd5 Bf7 20.d6 Qc6  0-1

[Event "29th ChessOrg Open"]
[Site "Bad Woerishofen GER"]
[Date "2013.03.07"]
[Round "7.30"]
[White "Kerber,A"]
[Black "Schaefer,Mi1"]
[Result "0-1"]
[WhiteElo "2009"]
[BlackElo "2168"]

1.e4 c5 2.Nf3 Nc6 3.Bb5 g6 4.Bxc6 bxc6 5.d4 cxd4 6.Qxd4 Nf6 7.e5 Nd5 8.e6 f6
9.exd7+ Bxd7 10.O-O Bg7 11.c4 e5 12.Qh4 Ne7 13.Nc3 O-O 14.Rd1 Qc7 15.Be3 Nf5
16.Qe4 Nxe3 17.Qxe3 Be6 18.b3 Kh8 19.Rd2 g5 20.Rad1 g4 21.Nh4 Qe7 22.Qe4 f5
23.Qxc6 e4 24.Ne2 Qxh4 25.Qxe6 Rae8 26.g3 Qg5 27.Qd7 e3 28.Rd5 exf2+ 29.Kf1 Qh5
30.Nf4 Qxh2 31.Ne6 Qh1+ 32.Kxf2 Qf3+ 33.Kg1 Qxg3+ 34.Kf1 Qf3+ 35.Kg1 Qe3+  0-1

[Event "Jersey Masters 2013"]
[Site "St Clement Bay JCI"]
[Date "2013.03.07"]
[Round "2"]
[White "Lyell,M"]
[Black "Krasenkow,M"]
[Result "0-1"]
[WhiteElo "2227"]
[BlackElo "2643"]

1.e4 c5 2.Nf3 Nc6 3.Bb5 e6 4.Bxc6 bxc6 5.b3 Ne7 6.Bb2 Ng6 7.h4 h5 8.e5 a5
9.Nc3 d5 10.exd6 Bxd6 11.Ne4 e5 12.Qe2 f6 13.Qd3 Bf8 14.Qxd8+ Kxd8 15.d3 a4
16.g3 Be7 17.O-O Be6 18.Rfe1 Kc7 19.Nc3 Rhb8 20.Nd2 Nf8 21.Re4 axb3 22.axb3 Rxa1+
23.Bxa1 Nd7 24.Re1 Bf7 25.Na4 Bf8 26.Bc3 Rc8 27.Kf1 g6 28.Nc4 Bxc4 29.dxc4 Bd6
30.Kg2 f5 31.f3 Re8 32.Nb2 Nf8 33.Nd3 e4 34.fxe4 fxe4 35.Nf2 e3 36.Nd3 Ne6
37.Rxe3 Nf4+ 38.Kf3 Rxe3+ 39.Kxe3 Nxd3 40.cxd3 Bxg3 41.Bf6 Kd6 42.Ke4 Ke6
43.Bd8 Bf2 44.Kf4 Be1 45.Kg5 Kf7 46.Kh6 Bc3 47.Bc7 Bd2+ 48.Kh7 Kf6 49.Bb6 Be3
50.b4 g5 51.hxg5+ Kxg5 52.Bd8+ Kg4 53.b5 cxb5 54.cxb5 h4 55.b6 h3 56.Bc7 Bg1
57.b7 h2 58.b8=Q h1=Q+ 59.Kg7 Bd4+ 60.Be5 Qd5 61.Bxd4 cxd4 62.Qc8+ Kf3 63.Qh3+ Ke2
64.Qg4+ Kxd3  0-1

[Event "Jersey Masters 2013"]
[Site "St Clement Bay JCI"]
[Date "2013.03.08"]
[Round "4"]
[White "Rozentalis,E"]
[Black "Belzo,K"]
[Result "1-0"]
[WhiteElo "2616"]
[BlackElo "2015"]

1.e4 c5 2.Nf3 Nc6 3.Bb5 g6 4.Bxc6 dxc6 5.d3 Bg7 6.Nc3 e5 7.Be3 b6 8.Nd2 g5
9.h4 g4 10.h5 Bh6 11.Nc4 Bxe3 12.Nxe3 Nh6 13.Ne2 Be6 14.Qd2 Qg5 15.b3 O-O-O
16.O-O-O Rhf8 17.Ng3 f5 18.exf5 Bxf5 19.Nc4 Qxd2+ 20.Rxd2 Be6 21.Nxe5 Bd5
22.Rg1 Rde8 23.Re2 Rf6 24.Nxg4 Rxe2 25.Nxf6 Rxf2 26.Nge4 Bxe4 27.Nxe4 Rf4
28.g3 Rg4 29.Rf1 Ng8 30.Rf8+  1-0

[Event "Karpos Open 2013"]
[Site "Skopje MKD"]
[Date "2013.03.09"]
[Round "1.43"]
[White "Nedev,Tr"]
[Black "Dizdarevic,B"]
[Result "1-0"]
[WhiteElo "2506"]
[BlackElo "1981"]

1.e4 c5 2.Nf3 Nc6 3.Bb5 g6 4.Bxc6 dxc6 5.d3 Bg7 6.h3 Nh6 7.Nc3 f6 8.Be3 b6
9.O-O Nf7 10.Nd2 e5 11.a3 Be6 12.b4 cxb4 13.axb4 O-O 14.Ne2 Nd6 15.f4 Bh6
16.Nf3 Qd7 17.Qd2 Rad8 18.Qc1 Bg7 19.fxe5 fxe5 20.Qe1 Nb5 21.Qh4 Nd4 22.Nexd4 exd4
23.Ng5 Bf6 24.Bd2 c5 25.Rxf6 Rxf6 26.Nxh7 Qxh7 27.Qxf6 Re8 28.bxc5 bxc5 29.Ra5 Qf7
30.Qxf7+ Bxf7 31.Rxc5 Rb8 32.Bf4 Rb2 33.Rc8+  1-0

[Event "Karpos Open 2013"]
[Site "Skopje MKD"]
[Date "2013.03.09"]
[Round "1.65"]
[White "Firat,B"]
[Black "Stoilkovski,J"]
[Result "1-0"]
[WhiteElo "2428"]
[BlackElo "1862"]

1.e4 c5 2.Nf3 Nc6 3.Bb5 d6 4.O-O Bd7 5.Re1 a6 6.Bxc6 bxc6 7.h3 g6 8.e5 d5
9.d3 Bg7 10.Be3 d4 11.Bf4 e6 12.Nbd2 Ne7 13.Ne4 Nd5 14.Nd6+ Kf8 15.Qd2 h6
16.c4 dxc3 17.bxc3 Qc7 18.c4 Nb4 19.Be3 a5 20.Bxc5 Kg8 21.Rab1 Bc8 22.Ne8 Qd8
23.Nxg7 Kxg7 24.Bd6 Bd7 25.Red1  1-0

[Event "Karpos Open 2013"]
[Site "Skopje MKD"]
[Date "2013.03.09"]
[Round "1.84"]
[White "Silivri,Volkan Resat"]
[Black "Posedaru,B"]
[Result "0-1"]
[WhiteElo "1674"]
[BlackElo "2337"]

1.e4 c5 2.Nf3 Nc6 3.Bb5 d6 4.d4 cxd4 5.Qxd4 Bd7 6.Bxc6 Bxc6 7.Nc3 Nf6 8.Bg5 e6
9.O-O-O Be7 10.Rhe1 O-O 11.e5 dxe5 12.Qh4 Qc7 13.Nxe5 Rfd8 14.Ng4 Nxg4 15.Bxe7 Qf4+
16.Kb1 Rxd1+ 17.Rxd1 Qf5 18.h3 Ne5 19.Bc5 f6 20.g4 Qf4 21.Be3 Qc4 22.f4 Nf3
23.Qg3 b5 24.a3 a5 25.Rd3 b4 26.b3 Qa6 27.Na4 bxa3 28.Ka2 Bxa4 29.Qxf3 Bc6
30.Qd1 a4 31.Rd8+ Kf7 32.Rxa8 Qxa8 33.Qd6 Be4 34.Qxa3 Bxc2 35.Qxa4 Qd5 36.Qa7+ Kg6
37.Qb6 Bd1 38.Ka3 Bf3 39.Qb4 Qd3 40.Qd4 Qf1 41.Qc4 Qa1+ 42.Kb4 Qe1+ 43.Qc3 Qe2
44.Ka3 h6 45.Qd2 Qxd2 46.Bxd2 h5 47.gxh5+ Kxh5 48.b4 Kh4 49.b5 Kxh3 50.Kb4 Kg4
51.Kc5 Kf5 52.Kd6 g6 53.b6 Bb7 54.Bc1 e5 55.fxe5 fxe5 56.Kc7 Ba6 57.b7 Bxb7
58.Kxb7 g5 59.Be3 g4 60.Kc6 Ke4 61.Bg1 g3 62.Kc5 Kd3 63.Kd5 e4 64.Ke5 e3
65.Kf4 e2 66.Kxg3 e1=Q+ 67.Bf2 Qe2 68.Bb6 Qe5+ 69.Kg2 Ke2 70.Bf2 Qg5+ 71.Bg3 Qg4
72.Kh1 Qh3+ 73.Bh2 Qf3+  0-1

[Event "TCh-FIN SM 2012-13"]
[Site "Helsinki FIN"]
[Date "2013.03.10"]
[Round "14.5"]
[White "Salimaki,J"]
[Black "Verkasalo,T"]
[Result "1/2-1/2"]
[WhiteElo "2157"]
[BlackElo "2174"]

1.e4 c5 2.Nf3 Nc6 3.Bb5 g6 4.O-O Bg7 5.c3 Nf6 6.Re1 O-O 7.e5 Nd5 8.d4 cxd4
9.cxd4 d6 10.Nc3 Nc7 11.Bxc6 bxc6 12.exd6 Qxd6 13.Ne4 Qd5 14.Nc3 Qd6 15.Ne4 Qd5
16.Nc3  1/2-1/2

[Event "Karpos Open 2013"]
[Site "Skopje MKD"]
[Date "2013.03.10"]
[Round "2.41"]
[White "Duman,A"]
[Black "Nedev,Tr"]
[Result "1/2-1/2"]
[WhiteElo "2249"]
[BlackElo "2506"]

1.e4 c5 2.Nf3 Nc6 3.Bb5 Nf6 4.Qe2 g6 5.O-O Bg7 6.c3 O-O 7.h3 Qb6 8.Na3 a6
9.Ba4 Qc7 10.e5 Nd5 11.Bb3 e6 12.d4 cxd4 13.cxd4 b5 14.Be3 Nxe3 15.Qxe3 Bb7
16.Rac1 Qb6 17.Rfd1 Ne7 18.Nc2 Rac8 19.d5 Nxd5 20.Bxd5 Qxe3 21.Nxe3 exd5
22.Ng4 Rfe8 23.Nf6+ Bxf6 24.exf6 Rc6 25.Nd4 Rxf6 26.Rc7 Rb6 27.Rxd7  1/2-1/2

[Event "Karpos Open 2013"]
[Site "Skopje MKD"]
[Date "2013.03.10"]
[Round "2.33"]
[White "Rudolf,An"]
[Black "Djukic,Ni"]
[Result "1/2-1/2"]
[WhiteElo "2292"]
[BlackElo "2545"]

1.e4 c5 2.Nf3 Nc6 3.Bb5 g6 4.Bxc6 dxc6 5.d3 Bg7 6.Nc3 e5 7.Be3 Qe7 8.h3 Nf6
9.Qd2 Nd7 10.Bh6 f6 11.Bxg7 Qxg7 12.Qe3 b6 13.Nd2 Nf8 14.f4 exf4 15.Qxf4 Ne6
16.Qd6 Nd4 17.O-O Be6 18.Rac1 Rd8 19.Qg3 O-O 20.Qe3 Qc7 21.Ne2 Nxe2+ 22.Qxe2 Rf7
23.Nf3 Qg3 24.Qe1 Qxe1 25.Rcxe1 Kg7 26.Rf2 Re7 27.Rfe2 b5 28.Kf2 Rb8 29.a3 a5
30.c3 Rd8 31.Rd2 Red7 32.Ke3 Bf7 33.Ree2 Re8 34.Kf2 Rde7 35.Re1 c4 36.dxc4 Bxc4
37.Rd6 c5 38.Nd2 Bf7 39.Rb6 Rd8 40.Nf3 Be8 41.Re2 g5 42.e5 fxe5 43.Nxe5 Rd1
44.c4 bxc4 45.Nxc4 Rxe2+ 46.Kxe2 Rd4 47.Nd6 Bd7  1/2-1/2

[Event "ch-CRO w 2013"]
[Site "Rijeka CRO"]
[Date "2013.03.11"]
[Round "4"]
[White "Jelica,M"]
[Black "Deur,Z"]
[Result "1-0"]
[WhiteElo "2233"]
[BlackElo "2134"]

1.e4 c5 2.Nf3 Nc6 3.Bb5 e6 4.Bxc6 bxc6 5.d3 Ne7 6.b3 d6 7.Bb2 e5 8.Nbd2 Ng6
9.Nc4 Be7 10.Ne3 Bf6 11.Qd2 Be6 12.O-O O-O 13.Rfe1 Qd7 14.Rad1 Nf4 15.Kh1 Bg4
16.Nxg4 Qxg4 17.Rg1 g6 18.Qe3 Bg7 19.h3 Qd7 20.Nh2 f5 21.Nf3 Rae8 22.Nd2 h5
23.Rge1 Kh7 24.Nc4 Bh6 25.Bc1 Bg7 26.Qg3 Ne6 27.exf5 Rxf5 28.f3 Ref8 29.Rf1 Nd4
30.c3 Ne2 31.Qe1 Nxc1 32.Rxc1 d5 33.Ne3 R5f7 34.c4 Qd6 35.Rc2 Bh6 36.Nd1 Rf5
37.Qe2 Bf4 38.Rg1 Bg3 39.Ne3 R5f7 40.Nf1 Bf4 41.g3 Bh6 42.Nh2 Re7 43.h4 e4
44.dxe4 dxe4 45.f4 Rd8 46.Re1 Bg7 47.Nf1 Qd3 48.Ne3 Qxe2 49.Rcxe2 Bc3 50.Rd1 Rd3
51.Kg2 Red7 52.Rf1 Rd2 53.Rff2 R2d3 54.Rf1 Rd2 55.Rff2 R2d3 56.Rf1 Rd2 57.Rxd2 Bxd2
58.Nc2 Bc3 59.Rf2 Kg7 60.Re2 Kf6 61.Ne3 Bd2 62.Nf1 e3 63.Kf3 Bc1 64.Nxe3 Rd3
65.Kf2 Bxe3+ 66.Rxe3 Rd2+ 67.Re2 Rd3 68.Re5 Rd2+ 69.Ke3 Rxa2 70.Rxc5 Ra6
71.Kd4 Rb6 72.Kc3 Ra6 73.Re5 Ra1 74.Rc5 Ra6 75.Kb2 Rb6 76.Ra5 Rb7 77.Rc5 Rb6
78.Kc3 Ra6 79.Rg5 Kf7 80.Kd4 Rb6 81.Kc5 Kf6 82.b4 Kf7 83.f5 gxf5 84.Rxf5+ Kg6
85.Re5  1-0

[Event "Karpos Open 2013"]
[Site "Skopje MKD"]
[Date "2013.03.11"]
[Round "4.73"]
[White "Petkovski,V"]
[Black "Gjorgjevski,Janco"]
[Result "1-0"]
[WhiteElo "2158"]
[BlackElo "1909"]

1.e4 c5 2.Nf3 Nc6 3.Bb5 e6 4.O-O Nge7 5.c3 a6 6.Ba4 b5 7.Bc2 Bb7 8.Re1 g6
9.d4 cxd4 10.cxd4 Bg7 11.Nc3 O-O 12.Bg5 h6 13.Be3 d6 14.Rc1 e5 15.dxe5 dxe5
16.Bc5 Qxd1 17.Rexd1 Rfd8 18.Bb6 Rxd1+ 19.Rxd1 Bc8 20.h3 Be6 21.a3 Rb8 22.Bc5 g5
23.Nd5 Rb7 24.Nxe7+ Nxe7 25.Rd8+ Kh7 26.Ra8 Ng6 27.Rxa6 Rc7 28.b4 Bf8 29.Bxf8 Nxf8
30.Bd3 Rc1+ 31.Kh2 Ng6 32.Bxb5 Rc2 33.Rd6 Ra2 34.Rd3 Nf4 35.Rd2 Rxa3 36.Nxe5 Rb3
37.Nc6 g4 38.hxg4 Bxg4 39.Bc4 Rc3 40.Bd5 h5 41.b5 h4 42.Ne5 Rc8 43.Nxf7  1-0

[Event "86th ch-St Petersburg"]
[Site "St Petersburg RUS"]
[Date "2013.03.11"]
[Round "1.2"]
[White "Popov,Val"]
[Black "Donskov,Ana"]
[Result "1-0"]
[WhiteElo "2557"]
[BlackElo "2300"]

1.e4 c5 2.Nf3 Nc6 3.Bb5 g6 4.Bxc6 bxc6 5.O-O Bg7 6.c3 Nh6 7.d4 cxd4 8.cxd4 f6
9.Nc3 Nf7 10.b3 O-O 11.Re1 d6 12.Bb2 e5 13.Na4 Bd7 14.Rc1 Rc8 15.h3 Qe7 16.Qd3 exd4
17.Qxd4 c5 18.Qc4 Be6 19.Qa6 Ne5 20.Bxe5 fxe5 21.Qe2 Rf7 22.Rc3 Rcf8 23.Rd1 g5
24.Qd2 g4 25.hxg4 Bxg4 26.Qxd6 Qe8 27.Nxc5 Rf6 28.Qd5+ Kh8 29.Rdd3 Qh5 30.Nd7 Rh6
31.Kf1 Qh1+ 32.Ke2 Rd8 33.Qf7 Qxg2 34.Qe7 Rg8 35.Nxe5 Bh5 36.Rd8 Bf6 37.Rxg8+ Qxg8
38.Qc7 Qe8 39.Qc8 Bd8 40.Rd3 Bxf3+ 41.Rxf3 Kg8 42.Rg3+  1-0

[Event "13th European Seniors"]
[Site "Plovdiv BUL"]
[Date "2013.03.12"]
[Round "2"]
[White "Popov,Geo"]
[Black "Fystro,Odd Ivar"]
[Result "1-0"]
[WhiteElo "2099"]
[BlackElo "1673"]

1.e4 c5 2.Nf3 Nc6 3.Bb5 Nf6 4.Nc3 e5 5.Bxc6 dxc6 6.Nxe5 Nxe4 7.Nxe4 Qd4 8.O-O Qxe4
9.Re1 Qf5 10.Ng6+ Kd8 11.Nxh8 Be6 12.d4 c4 13.Re5  1-0

[Event "Karpos Open 2013"]
[Site "Skopje MKD"]
[Date "2013.03.12"]
[Round "5.58"]
[White "Organdziev,O"]
[Black "Orehek,S"]
[Result "1-0"]
[WhiteElo "2293"]
[BlackElo "2062"]

1.e4 c5 2.Nf3 Nc6 3.Bb5 g6 4.Bxc6 dxc6 5.d3 Bg7 6.h3 Nf6 7.O-O O-O 8.Nc3 Qc7
9.Be3 Nd7 10.Qd2 Rd8 11.a3 b6 12.Bf4 e5 13.Bh6 Nf8 14.Bxg7 Kxg7 15.Ne2 Ne6
16.Nh2 Nd4 17.Nxd4 cxd4 18.f4 exf4 19.Rxf4 Qe7 20.Raf1 Be6 21.Qf2 c5 22.Rf6 h5
23.Qh4 Rd7 24.Qg5 c4 25.Qe5 Kg8 26.Nf3 Qd6 27.Qg5 Rc8 28.e5 Qc5 29.Nh4 Qc7
30.Nxg6 fxg6 31.Rxe6 cxd3 32.cxd3 Rg7 33.Rxg6 Re8 34.Rff6  1-0

[Event "13th European Seniors"]
[Site "Plovdiv BUL"]
[Date "2013.03.15"]
[Round "5"]
[White "Tseitlin,Ma"]
[Black "Sveshnikov,E"]
[Result "1/2-1/2"]
[WhiteElo "2380"]
[BlackElo "2534"]

1.e4 c5 2.Nf3 Nc6 3.Bb5 e6 4.O-O Nge7 5.Re1 Nd4 6.Nxd4 cxd4 7.c3 a6 8.Bf1 Nc6
9.d3 Bc5 10.Nd2 O-O 11.Nb3 d6 12.Nxc5 dxc5  1/2-1/2

[Event "Karpos Open 2013"]
[Site "Skopje MKD"]
[Date "2013.03.15"]
[Round "8.5"]
[White "Kovacevic,A"]
[Black "Perunovic,Mil"]
[Result "0-1"]
[WhiteElo "2563"]
[BlackElo "2618"]

1.e4 c5 2.Nf3 Nc6 3.Bb5 d6 4.O-O Bd7 5.c3 Nf6 6.Re1 a6 7.Bf1 Bg4 8.h3 Bh5
9.g4 Bg6 10.d4 cxd4 11.cxd4 e5 12.Nc3 Be7 13.d5 Nb8 14.Qb3 Nbd7 15.Qxb7 Nc5
16.Qb4 O-O 17.Nd2 h5 18.f3 hxg4 19.hxg4 Nh7 20.Qc4 Bh4 21.Rd1 Bg3 22.Qe2 Qh4
23.Qg2 Ng5 24.Ne2 Be1 25.Nc4 Nxf3+ 26.Qxf3 Bxe4  0-1

[Event "83rd ch-URU 2013"]
[Site "Montevideo URU"]
[Date "2013.03.16"]
[Round "9.6"]
[White "Muniz,R"]
[Black "Sosa Macho,J"]
[Result "0-1"]
[WhiteElo "2276"]
[BlackElo "2157"]

1.e4 c5 2.Nf3 Nc6 3.Bb5 g6 4.Bxc6 dxc6 5.h3 Bg7 6.d3 b6 7.Nc3 e5 8.Be3 Ne7
9.Qd2 Qd6 10.Bh6 Bxh6 11.Qxh6 Qf6 12.Nd2 Be6 13.Qe3 g5 14.g3 h5 15.O-O-O O-O-O
16.Rdf1 Ng6 17.Kb1 Qe7 18.Nf3 g4 19.hxg4 hxg4 20.Nd2 Rxh1 21.Rxh1 Rh8 22.Rxh8+ Nxh8
23.a4 a5 24.f4 gxf3 25.Nxf3 Ng6 26.Ng5 Bd7 27.b3 Kc7 28.Kb2 Qf6 29.Nb1 Nf4
30.Nf3 Ne6 31.Nbd2 Nd4 32.Nh4 Bg4 33.c3 Ne6 34.Nc4 Nf8 35.b4 axb4 36.cxb4 Nd7
37.a5 b5 38.Nb6 Nxb6 39.axb6+ Kxb6 40.Qxc5+ Kb7 41.Qg1 Qd6 42.Kc3 Qd8 43.Qf2 Be6
44.Nf3 Qa8 45.Qb2 f6 46.d4 Qa7 47.Kd3 exd4 48.Nxd4 Bc4+ 49.Ke3 c5 50.Nf5 cxb4+
51.Kf4 Qb8+ 52.Kf3 Qf8 53.Qd4 Kc6 54.Qa7 Qd8 55.Nd4+ Kd6 56.Qa6+ Kc5 57.Qa7+ Qb6
58.Qd7 b3 59.Ke3 Qd6 60.Qa7+ Kb4 61.Kd2 Qc5 62.Qd7 Qg5+ 63.Kd1 Qh5+ 64.Kd2 Qg5+
65.Kd1 b2 66.Nc2+ Kb3 67.Nd4+ Kc3 68.Nxb5+ Bxb5 69.Qc7+ Bc4  0-1

[Event "Karpos Open 2013"]
[Site "Skopje MKD"]
[Date "2013.03.16"]
[Round "9.42"]
[White "Firat,B"]
[Black "Sorgic,D"]
[Result "1-0"]
[WhiteElo "2428"]
[BlackElo "2232"]

1.e4 c5 2.Nf3 Nc6 3.Bb5 d6 4.O-O Bd7 5.Re1 Nf6 6.c3 a6 7.Bf1 Bg4 8.d4 cxd4
9.cxd4 e5 10.d5 Nd4 11.Be3 Nxf3+ 12.gxf3 Bd7 13.a4 Nh5 14.Qb3 Bc8 15.Nd2 Nf4
16.Nc4 Qg5+ 17.Kh1 Be7 18.Nb6 Rb8 19.Qc3 O-O 20.Qc7 Bd8 21.Qxb8 Bxb6 22.Qxd6 Bxe3
23.fxe3 Ng6 24.Re2 Qh5 25.Rf2 Qh4 26.Rg2 Bh3 27.Rg3 Bxf1 28.Rxf1 Rc8 29.Qd7 Rc2
30.Qe8+ Nf8 31.Rg2 Qh3 32.Rff2 Rc1+ 33.Rg1 Qh4 34.Qxe5  1-0

[Event "86th ch-St Petersburg"]
[Site "St Petersburg RUS"]
[Date "2013.03.16"]
[Round "6.5"]
[White "Popov,Val"]
[Black "Alekseenko,K"]
[Result "1-0"]
[WhiteElo "2557"]
[BlackElo "2447"]

1.e4 c5 2.Nf3 Nc6 3.Bb5 e6 4.Bxc6 bxc6 5.d3 Ne7 6.Qe2 Ng6 7.h4 h5 8.e5 Be7
9.Qe4 c4 10.dxc4 Rb8 11.b3 Bb7 12.Nbd2 d5 13.exd6 Bf6 14.Rb1 c5 15.Qe3 Qxd6
16.Ne4 Bxe4 17.Qxe4 Bc3+ 18.Ke2 O-O 19.Bg5 Qa6 20.a4 e5 21.Rhd1 Qe6 22.Kf1 Rfe8
23.Rd5 Bd4 24.Re1 f5 25.Nxd4 cxd4 26.Qf3 e4 27.Qxf5 Qxf5 28.Rxf5 d3 29.cxd3 Rxb3
30.Rxe4  1-0

[Event "TCh-CZE Div1 Vychod 2012-13"]
[Site "Czech Republic CZE"]
[Date "2013.03.17"]
[Round "9.5"]
[White "Kulovana,E"]
[Black "Silar,Lu"]
[Result "1/2-1/2"]
[WhiteElo "2251"]
[BlackElo "2161"]

1.e4 c5 2.Nf3 Nc6 3.Bb5 g6 4.Bxc6 dxc6 5.d3 Bg7 6.h3 Nf6 7.Nc3 Nd7 8.Be3 Qa5
9.Qd2 Qb4 10.Nd1 Qxd2+ 11.Nxd2 b6 12.O-O Ba6 13.a3 O-O-O 14.Rb1 Ne5 15.Re1 h6  1/2-1/2

[Event "13th European Seniors"]
[Site "Plovdiv BUL"]
[Date "2013.03.17"]
[Round "7"]
[White "Rooze,J"]
[Black "Peretz,M"]
[Result "1-0"]
[WhiteElo "2369"]
[BlackElo "2277"]

1.e4 c5 2.Nf3 Nc6 3.Bb5 g6 4.Bxc6 dxc6 5.d3 Bg7 6.h3 Nf6 7.Nc3 O-O 8.Be3 Nd7
9.Qd2 e5 10.Bh6 Re8 11.O-O-O Nf8 12.Rdg1 Qf6 13.Ne2 Ne6 14.h4 Bxh6 15.Qxh6 Nf4
16.Nxf4 Qxf4+ 17.Qxf4 exf4 18.h5 Bg4 19.hxg6 fxg6 20.Ng5 Re5 21.Nxh7 Kg7
22.Rh4 Bh5 23.Rxf4 Kxh7 24.Rf7+ Kg8 25.Rxb7 g5 26.Rc7 Re6 27.Rh1 Bf7 28.b3 a5
29.a4 Be8 30.Rhh7 Bg6 31.Rh3 Rf8 32.f3 Rf7 33.Rc8+ Kg7 34.Ra8 g4 35.fxg4 Rf2
36.Rxa5 c4 37.bxc4 Rxg2 38.g5 Kf7 39.Rf3+ Ke7 40.Rf6 Rxf6 41.gxf6+ Kxf6 42.Ra8 Ke7
43.a5 Kd6 44.a6  1-0

[Event "30th Ciocaltea Mem 2013"]
[Site "Bucharest ROU"]
[Date "2013.03.19"]
[Round "5.6"]
[White "Castellanos Rodriguez,R"]
[Black "Vedmediuc,S"]
[Result "1/2-1/2"]
[WhiteElo "2529"]
[BlackElo "2476"]

1.e4 c5 2.Nf3 Nc6 3.Bb5 e6 4.c3 Nge7 5.d4 cxd4 6.cxd4 d5 7.exd5 Nxd5 8.O-O Be7
9.Nc3 O-O 10.Re1 Bd7 11.Bd3 Rc8 12.Bb1 Re8 13.Qd3 g6 14.a3 Nxc3 15.bxc3 Bf6
16.Nd2 Na5 17.Ba2 Bc6 18.Ne4  1/2-1/2

[Event "3rd HD Bank Cup 2013"]
[Site "Ho Chi Minh City VIE"]
[Date "2013.03.19"]
[Round "1.23"]
[White "Lou Yiping"]
[Black "Emojong Elijah"]
[Result "1-0"]
[WhiteElo "2475"]
[BlackElo "2190"]

1.e4 c5 2.Nf3 Nc6 3.Bb5 e6 4.O-O Nge7 5.c3 a6 6.Ba4 b5 7.Bc2 d5 8.e5 d4 9.Qe2 Nd5
10.a4 Bb7 11.axb5 axb5 12.Rxa8 Qxa8 13.Be4 Be7 14.Qxb5 O-O 15.Re1 Rb8 16.Qd3 Nf4
17.Qf1 d3 18.Bxd3 Nxe5 19.Rxe5 Bxf3 20.gxf3 Qxf3 21.Re3 Qg4+ 22.Rg3 Qh5 23.Be4 Ne2+
24.Kg2 Nxg3 25.hxg3 f5 26.Bf3 Qg6 27.Qe2 Bd6 28.Na3 e5 29.Bd5+ Kh8 30.Qa6 Rd8
31.Nc4 e4 32.Nxd6 Qxd6 33.Qxd6 Rxd6 34.Bc4 h6 35.b3 g5 36.Ba3 Rxd2 37.Bxc5 Kg7
38.b4 f4 39.gxf4 gxf4 40.Kh3 h5 41.b5 Kf6 42.b6 Rb2 43.Bb4 Rxf2 44.b7 Rf3+
45.Kh2 Rf2+ 46.Kg1  1-0

[Event "3rd HD Bank Cup 2013"]
[Site "Ho Chi Minh City VIE"]
[Date "2013.03.19"]
[Round "1.41"]
[White "Sukandar,I"]
[Black "Doan,T"]
[Result "1-0"]
[WhiteElo "2367"]
[BlackElo "1980"]

1.e4 c5 2.Nf3 Nc6 3.Bb5 Nd4 4.Nxd4 cxd4 5.O-O a6 6.Bc4 e6 7.d3 d6 8.f4 Be7
9.Nd2 Nf6 10.e5 Nd7 11.Qh5 O-O 12.Nf3 b5 13.Bb3 dxe5 14.fxe5 Qc7 15.Bf4 Bb7
16.Rae1 Qc5 17.Qg4 Bxf3 18.Rxf3 Rfd8 19.Bh6 g6 20.Rxf7 Bf8 21.Qxe6  1-0

[Event "3rd HD Bank Cup 2013"]
[Site "Ho Chi Minh City VIE"]
[Date "2013.03.20"]
[Round "3.27"]
[White "Nguyen Van Hai"]
[Black "Vo Thi Kim Phung"]
[Result "1/2-1/2"]
[WhiteElo "2339"]
[BlackElo "2193"]

1.e4 c5 2.Nf3 Nc6 3.Bb5 d6 4.Bxc6+ bxc6 5.O-O Bg4 6.h3 Bh5 7.e5 dxe5 8.g4 Bg6
9.Nxe5 e6 10.Nc3 Rc8 11.d3 Bd6 12.Qe2 Ne7 13.Bf4 Nd5 14.Bg3 O-O 15.h4 Nxc3
16.bxc3 Bxe5 17.Qxe5 c4 18.h5 f6 19.Qc5 Bf7 20.Qxa7 cxd3 21.Rfd1 Qd5 22.Rxd3 Qg5
23.f3 c5 24.Rd7 f5 25.Qb7 Rcd8 26.Rxd8 Rxd8 27.Qc7 fxg4 28.fxg4 Qe3+ 29.Kh2 Qe2+
30.Kh3 Rf8 31.Qe5 Qf3 32.h6 gxh6 33.a4 h5 34.gxh5 Bxh5 35.Qxe6+ Rf7 36.Qe8+ Rf8
37.Qe6+ Rf7 38.Re1 Bg6 39.Qe8+ Rf8 40.Qe6+ Rf7 41.Qe8+ Rf8 42.Qe6+ Rf7 43.Qe8+  1/2-1/2

[Event "3rd HD Bank Cup 2013"]
[Site "Ho Chi Minh City VIE"]
[Date "2013.03.22"]
[Round "6.14"]
[White "Hoang Canh Huan"]
[Black "Nguyen Van Huy"]
[Result "1/2-1/2"]
[WhiteElo "2371"]
[BlackElo "2486"]

1.e4 c5 2.Nf3 Nc6 3.Bb5 g6 4.O-O Bg7 5.Bxc6 dxc6 6.h3 Nf6 7.d3 O-O 8.Nc3 Ne8
9.Be3 b6 10.Qd2 e5 11.a3 a5 12.Na4 f5 13.exf5 Bxf5 14.Bg5 Qc7 15.Rfe1 Bxh3
16.Qe3 Bf5 17.Bh6 Bxh6 18.Qxh6 Nf6 19.Nxe5 Rae8 20.Nf3 Nd5 21.Rxe8 Rxe8 22.Re1 Rxe1+
23.Nxe1 b5 24.Nxc5 Qe7 25.Ne4 Bxe4 26.dxe4 Qxe4 27.Qd2 a4 28.Nd3 Kg7 29.Nc5 Qe5
30.Nd3 Qe4  1/2-1/2

[Event "LEM Schleswig-Holstein 2013"]
[Site "Neumuenster GER"]
[Date "2013.03.23"]
[Round "1.3"]
[White "Menzel,R"]
[Black "Krueger,W"]
[Result "1/2-1/2"]
[WhiteElo "2251"]
[BlackElo "2164"]

1.e4 c5 2.Nf3 Nc6 3.Bb5 g6 4.Bxc6 dxc6 5.h3 Bg7 6.d3 e5 7.Be3 b6 8.Nc3 f6
9.Qd2 Be6 10.a3 Qd7 11.b4 c4 12.d4 exd4 13.Nxd4 Ne7 14.O-O O-O 15.Rad1 Qc8
16.f4 Rd8 17.Qf2 Bf7 18.Qh4  1/2-1/2

[Event "19th Schloss Open"]
[Site "Werther GER"]
[Date "2013.03.23"]
[Round "5.4"]
[White "Gazic,J"]
[Black "Schmitz,Philipp"]
[Result "1-0"]
[WhiteElo "2283"]
[BlackElo "2136"]

1.e4 c5 2.Nf3 Nc6 3.Bb5 Nf6 4.e5 Nd5 5.O-O g6 6.d4 cxd4 7.c3 Bg7 8.cxd4 O-O
9.Nc3 Nc7 10.Ba4 d6 11.Bxc6 bxc6 12.Re1 Bg4 13.h3 Bxf3 14.Qxf3 Ne6 15.Be3 dxe5
16.dxe5 Bxe5 17.Qxc6 Rc8 18.Qe4 Bxc3 19.bxc3 Rxc3 20.Bxa7 Qa5 21.Be3 Ra3
22.Re2 Ra8 23.Qc2 Qe5 24.Rae1 Qd5 25.Ra1 Qe5 26.Qb2 Qh5 27.Rc2 Rd3 28.Rcc1 f5
29.Qb7 Re8 30.Qa6 Rd6 31.Qc4 g5 32.Re1 Qf7 33.Bc1 Nd4 34.Qc3 f4 35.f3 e5
36.Bb2 Rc6 37.Qd3 Nc2 38.Rxe5 Rxe5 39.Bxe5 Nxa1 40.Qd8+ Qf8 41.Qd5+  1-0